[Event "Superbet Blitz GCT 2019"]
[Site "Bucharest"]
[Date "2019.11.09"]
[Round "4"]
[White "Artemiev, Vladislav"]
[Black "Korobov, Anton"]
[Result "1/2-1/2"]
[WhiteElo "2731"]
[BlackElo "2670"]
[Annotator "RC"]
[PlyCount "135"]
[EventDate "2019.11.09"]
[EventType "tourn"]
[EventCountry "ROU"]
[SourceTitle "playchess.com"]
[Source "ChessBase"]
[SourceQuality "1"]
[TimeMode "Bronstein"]
[TimeControl "300+3"]

1. e4 {[%emt 0:00:00]} c5 {[%emt 0:00:00]} 2. Nf3 {[%emt 0:00:00]} d6 {[%emt 0:00:00]} 3. Nc3 {[%emt 0:00:00]} Nf6 {[%emt 0:00:00]} 4. e5 {[%emt 0:00:00]} dxe5 {[%emt 0:00:00]} 5. Nxe5 {[%emt 0:00:00]} Nbd7 {[%emt 0:00:00]} 6. Nc4 {[%emt 0:00:00]} e6 {[%emt 0:00:00]} 7. g3 {[%emt 0:00:00]} Rb8 {[%emt 0:00:11]} 8. a4 {[%emt 0:00:40]} Be7 {[%emt 0:00:11]} 9. Bg2 {[%emt 0:00:03]} O-O {[%emt 0:00:09]} 10. O-O {[%emt 0:00:28]} b6 {[%emt 0:00:06]} 11. d3 {[%emt 0:00:29]} Bb7 {[%emt 0:00:03]} 12. Bf4 {[%emt 0:00:03]} Bxg2 {[%emt 0:00:07]} 13. Kxg2 {[%emt 0:00:03]} Rc8 {[%emt 0:00:16]} 14. Qf3 {[%emt 0:00:10]} Nb8 {[%emt 0:00:16]} 15. Bxb8 {[%emt 0:00:28]} Rxb8 {[%emt 0:00:03]} 16. Nb5 {[%emt 0:00:03]} a6 {[%emt 0:00:36]} 17. Na7 {[%emt 0:00:03]} Qc7 {[%emt 0:00:19]} 18. Nc6 {[%emt 0:00:03]} Rbe8 {[%emt 0:00:03]} 19. Rfe1 {[%emt 0:00:25]} Nd5 {[%emt 0:00:04]} 20. Nxe7+ {[%emt 0:00:04]} Rxe7 {[%emt 0:00:03]} 21. c3 {[%emt 0:00:08]} Rd8 {[%emt 0:00:03]} 22. Red1 {[%emt 0:01:10]} h6 {[%emt 0:00:03]} 23. d4 {[%emt 0:00:03]} b5 {[%emt 0:00:18]} 24. axb5 {[%emt 0:00:03]} axb5 {[%emt 0:00:03]} 25. Ne5 {[%emt 0:00:23]} cxd4 {[%emt 0:00:03]} 26. cxd4 {[%emt 0:00:03]} Qb7 {[%emt 0:00:06]} 27. Rdc1 {[%emt 0:00:18]} Nb4 {[%emt 0:00:15]} 28. Qxb7 Rxb7 {[%emt 0:00:03]} 29. Nf3 {[%emt 0:00:16]} f6 {[%emt 0:00:21]} 30. b3 {[%emt 0:00:19]} Kf7 {[%emt 0:00:05]} 31. Rc5 {[%emt 0:00:03]} Nd5 {[%emt 0:00:12]} 32. Ra5 {[%emt 0:00:03]} b4 {[%emt 0:00:03]} 33. Ra6 {[%emt 0:00:10]} Nc3 {[%emt 0:00:27]} 34. Rac6 {[%emt 0:00:04]} Rdd7 {[%emt 0:00:07]} 35. Rc8 {[%emt 0:00:03]} Nb5 {[%emt 0:00:05]} 36. d5 {[%emt 0:00:08]} exd5 {[%emt 0:00:12]} 37. h4 {[%emt 0:00:03]} d4 {[%emt 0:00:06]} 38. Rc2 {[%emt 0:00:03]} d3 {[%emt 0:00:07]} 39. Rd2 {[%emt 0:00:03]} Nd6 {[%emt 0:00:03]} 40. Rc6 {[%emt 0:00:03]} Ne4 {[%emt 0:00:03]} 41. Rd1 {[%emt 0:00:03]} Rd5 {[%emt 0:00:11]} 42. Rc4 {[%emt 0:00:03]} f5 {[%emt 0:00:03]} 43. Nd2 {[%emt 0:00:03]} Nxd2 44. Rxd2 {[%emt 0:00:03]} g5 {[%emt 0:00:13]} 45. Rc6 {[%emt 0:00:03]} Kg7 {[%emt 0:00:06]} 46. h5 {[%emt 0:00:03]} Re7 {[%emt 0:00:04]} 47. Kf1 {[%emt 0:00:03]} f4 {[%emt 0:00:05]} 48. Rg6+ {[%emt 0:00:03]} Kh7 {[%emt 0:00:03]} 49. gxf4 {[%emt 0:00:03]} gxf4 {[%emt 0:00:03]} 50. Rf6 {[%emt 0:00:03]} Re4 {[%emt 0:00:10]} 51. Rf7+ {[%emt 0:00:03]} Kg8 {[%emt 0:00:03]} 52. Rc7 {[%emt 0:00:03]} f3 {[%emt 0:00:07]} 53. Ra2 {[%emt 0:00:03]} Re8 {[%emt 0:00:15]} 54. Raa7 {[%emt 0:00:03]} Rg5 {[%emt 0:00:03]} 55. Re7 {[%emt 0:00:03]} Rxe7 {[%emt 0:00:19]} 56. Rxe7 {[%emt 0:00:03]} Rxh5 {[%emt 0:00:03]} 57. Ke1 {[%emt 0:00:03]} Rh1+ {[%emt 0:00:02]} 58. Kd2 Rb1 {[%emt 0:00:04]} 59. Kxd3 {[%emt 0:00:03]} Rxb3+ {[%emt 0:00:03]} 60. Ke4 {[%emt 0:00:03]} Rc3 {[%emt 0:00:07]} 61. Rb7 {[%emt 0:00:03]} Rb3 {[%emt 0:00:03]} 62. Kf4 {[%emt 0:00:03]} Kf8 {[%emt 0:00:04]} 63. Ke4 {[%emt 0:00:03]} Ke8 {[%emt 0:00:04]} 64. Rh7 {[%emt 0:00:03]} Rc3 {[%emt 0:00:03]} 65. Rb7 {[%emt 0:00:03]} b3 {[%emt 0:00:03]} 66. Kd4 {[%emt 0:00:03]} Rc2 {[%emt 0:00:03]} 67. Rxb3 {[%emt 0:00:03]} Rxf2 {[%emt 0:00:03]} 68. Ke4 {[%emt 0:00:03]} 1/2-1/2

[Event "Superbet Blitz GCT 2019"]
[Site "Bucharest"]
[Date "2019.11.09"]
[Round "5"]
[White "Caruana, Fabiano"]
[Black "Karjakin, Sergey"]
[Result "1-0"]
[WhiteElo "2822"]
[BlackElo "2754"]
[Annotator "TA"]
[PlyCount "55"]
[EventDate "2019.11.09"]
[EventType "tourn"]
[EventCountry "ROU"]
[SourceTitle "playchess.com"]
[Source "ChessBase"]
[SourceQuality "1"]

{[%evp 9,55,-8,-3,-6,0,-4,0,0,0,0,-10,-15,25,14,26,18,26,16,15,20,72,0,0,0,0,0,36,11,28,15,35,7,30,19,33,22,60,4,75,25,447,467,451,476,459,439,423,379]} 1. c4 Nf6 2. Nc3 e5 3. Nf3 Nc6 4. Qc2 (4. g3 d5 5. cxd5 Nxd5 6. Bg2 Bc5 7. O-O O-O 8. d3 h6 9. Nxd5 Qxd5 10. Nd2 Qe6 11. b3 Re8 12. Bb2 Bd7 13. e3 Rad8 14. a3 Qg6 15. Qc2 Bb6 16. b4 Bf5 {½-½ (40) Ding,L (2811)-Radjabov,T (2758) Khanty-Mansiysk 2019}) (4. g3 Bb4 5. Nd5 Bc5 6. Bg2 d6 7. O-O O-O 8. e3 Re8 9. b3 Bg4 10. h3 Bh5 11. d3 a5 12. a3 Nxd5 13. cxd5 Ne7 14. g4 Bg6 15. d4 Bb6 16. dxe5 {½-½ (52) Caruana,F (2818)-Karjakin,S (2750) Saint Louis 2019}) 4... g6 5. g3 Bg7 6. Bg2 {A28: English Opening: Four Knights Variation} O-O 7. O-O d5 8. cxd5 {The position is equal.} Nxd5 9. Nxd5 Qxd5 10. d3 Re8 $146 ({Predecessor:} 10... Qd6 11. Be3 Nd4 12. Nxd4 exd4 {½-½ (37) Salgado Lopez,I (2596)-Alsina Leal,D (2477) Linares 2019}) 11. Be3 Qd6 12. Rac1 Be6 13. Ng5 Bd5 $1 14. Ne4 Qe7 (14... Qd8 $1 $11) 15. Nc5 ({Better is} 15. a3 $16) 15... Bxg2 $11 16. Kxg2 Nd8 17. Qc4 c6 18. b4 Ne6 19. a4 a6 20. Rb1 Rac8 21. Rfc1 h5 22. h4 Kh7 23. Ne4 (23. Nxe6 $14 Qxe6 24. Qxe6 Rxe6 25. b5) 23... f5 (23... Bh6 $11 {keeps the balance.}) 24. Bc5 (24. Qxe6 $5 Qxe6 25. Ng5+ {[%mdl 64] Double Attack} Kg8 26. Nxe6 Rxe6 27. b5 $16) 24... b5 $2 {[%mdl 8192]} (24... Nxc5 $11 {and Black is okay.} 25. Ng5+ (25. Nxc5 b6 $11) 25... Kh8 26. Qxc5 (26. bxc5 Rc7 $11) 26... Bf6) 25. Bxe7 $18 {White is clearly winning.} bxc4 26. Nd6 {[%mdl 64] [#] Double Attack} Rxe7 27. Nxc8 Rc7 28. Nd6 {Accuracy: White = 54%, Black = 25%.} 1-0

[Event "Superbet Blitz GCT 2019"]
[Site "Bucharest"]
[Date "2019.11.09"]
[Round "5"]
[White "Aronian, Levon"]
[Black "Anand, Viswanathan"]
[Result "1/2-1/2"]
[WhiteElo "2772"]
[BlackElo "2757"]
[Annotator "TA"]
[PlyCount "58"]
[EventDate "2019.11.09"]
[EventType "tourn"]
[EventCountry "ROU"]
[SourceTitle "playchess.com"]
[Source "ChessBase"]
[SourceQuality "1"]

{[%evp 21,58,29,28,14,14,-8,0,-17,-15,-28,-26,-28,-33,-29,-35,-42,-20,-26,-25,-48,-39,-45,-28,-29,0,-18,0,0,0,0,0,0,0,-6,0,-14,-9,-39,-23]} 1. e4 e5 2. Nf3 Nc6 3. Bb5 Nf6 4. O-O Nxe4 5. d4 Nd6 6. Bxc6 dxc6 7. dxe5 Nf5 8. Qxd8+ Kxd8 9. Nc3 {[%cal Bb1c3,Bc3e2,Be2g3][%mdl 32]} Ke8 10. Rd1 Ne7 11. h3 Ng6 12. Ne2 {C67: Ruy Lopez: Berlin Defence: 4 0-0 Nxe4} (12. Be3 {seems wilder.} Be7 13. Rd2 h5 14. Re1 Be6 15. Red1) (12. b3 Be7 13. Ne4 a5 14. Re1 a4 15. Bb2 Be6 16. Nd4 Nf4 17. Rad1 h5 18. h4 Nd5 19. c4 Nb4 {½-½ (42) Vachier Lagrave,M (2773)-Naiditsch,A (2695) Karlsruhe/Baden Baden 2019}) 12... Be7 13. Bd2 Bd7 14. Bc3 {[#] The position is equal.} c5 $146 ({Predecessor:} 14... Rd8 15. Ne1 {½-½ (15) Aseev,K (2525)-Razuvaev,Y (2560) St Petersburg 1998}) 15. Ng3 Nf4 16. Bd2 Ne6 17. Nf5 Bc6 18. Ne1 h5 (18... b6 {is interesting.} 19. b3 Rd8 20. Be3 Bf8 21. Nd3 g6) 19. Nxe7 Kxe7 20. h4 Rad8 21. Be3 b6 22. f3 Nd4 23. c3 Nf5 24. Bg5+ f6 25. exf6+ gxf6 26. Bf4 Nxh4 27. Bxc7 Rc8 28. Bg3 Ng6 29. Kf2 h4 {Accuracy: White = 36%, Black = 61%.} 1/2-1/2

[Event "Superbet Blitz GCT 2019"]
[Site "Bucharest"]
[Date "2019.11.09"]
[Round "5"]
[White "Mamedyarov, Shakhriyar"]
[Black "Giri, Anish"]
[Result "1/2-1/2"]
[WhiteElo "2772"]
[BlackElo "2776"]
[Annotator "TA"]
[PlyCount "96"]
[EventDate "2019.11.09"]
[EventType "tourn"]
[EventCountry "ROU"]
[SourceTitle "playchess.com"]
[Source "ChessBase"]
[SourceQuality "1"]

{[%evp 13,96,6,7,-7,-5,-14,-10,-52,-8,-56,0,-55,-22,-47,-46,-40,-29,-102,-101,-128,-68,-70,-54,-125,-39,-46,-19,-39,0,-66,-20,-132,-31,-60,-36,-77,-11,-89,46,46,75,76,105,56,48,11,57,-70,-57,-128,-114,-153,9,11,18,18,14,16,16,9,85,0,0,0,0,0,0,-59,4,0,0,0,4,-83,-83,-83,-83,-83,-83,-80,0,-76,0,-75,0]} 1. d4 d5 2. Nf3 Nf6 3. g3 Bf5 4. c4 e6 5. Bg2 c6 6. Nc3 h6 7. O-O Nbd7 8. Ne5 {D11: Slav Defence: 3 Nf3 sidelines and 3...Nf6 4 e3 Bg4} (8. Nd2 Be7 9. Qb3 Qb6 10. e4 dxe4 11. Ndxe4 O-O 12. Bf4 Nxe4 13. Nxe4 Bxe4 14. Bxe4 Qxd4 15. Rad1 Qxe4 16. Rxd7 Bc5 17. Qc3 Rad8 18. Rfd1 Qe2 19. Qd2 Bxf2+ 20. Kg2 Qxd2 21. R1xd2 {0-1 (38) Vocaturo,D (2620)-Najer,E (2683) Batumi 2018}) 8... Be7 9. cxd5 exd5 10. f4 {The position is equal.} O-O 11. h3 (11. g4 $5 Nxg4 12. e4 Ngxe5 13. fxe5 Bxe4 14. Nxe4 dxe4 15. Bxe4 $15) 11... Bb4 $146 (11... h5 $15) ({Predecessor:} 11... Bd6 12. g4 Bh7 13. Be3 Qe7 14. Bf2 Bb4 15. Bh4 Qd6 16. Nxd7 Nxd7 17. f5 Rfe8 {½-½ (31) Lodhi,M (2349)-Hu,Y (2105) Qingdao 2019}) 12. Kh2 (12. Qb3 $11 a5 13. g4) 12... Bh7 13. g4 Re8 14. Qb3 a5 15. Nd1 (15. a3 $11 Bxc3 16. bxc3) 15... Qb6 $17 16. Qe3 Bd6 (16... c5 $1 $17 {[%cal Rc5d4]} 17. dxc5 Bxc5 18. Nxd7 Nxd7) 17. Qf2 a4 18. Be3 (18. Kg1 $15) 18... a3 (18... Re7 $17 19. Rc1 Ne4 20. Bxe4 Bxe4) 19. b3 $15 Qc7 {[%cal Rd7e5]} 20. Rc1 Bb4 21. Bf3 (21. Nc3 $11) 21... Ne4 22. Qg1 (22. Bxe4 $1 $11 {remains equal.} Bxe4 23. Nc3) 22... f6 (22... Nd2 $17 {[%cal Rd7e5]} 23. Rf2 Nf6) 23. Nd3 Bd6 24. Kg2 g5 (24... Kh8 $17) 25. Nc3 (25. f5 $1 $11 {was the only way to keep the balance.}) 25... gxf4 {[#]} (25... Nxc3 $17 26. Rxc3 Bxd3 27. Rxd3 gxf4) 26. Nxd5 $1 $14 {[%mdl 576] Double Attack, Pin} Qa5 (26... cxd5 27. Rxc7) 27. N5xf4 Re7 28. b4 Qb5 29. Nc5 (29. d5 $5) 29... Rae8 30. Nxd7 ({Better is} 30. d5 $1 $14) 30... Rxd7 $15 31. Nh5 {[#]} ({White should play} 31. d5 $15) 31... Bg6 $1 $17 {[%cal Rg6h5] Strongly threatening ...Bxh5.} 32. Bxe4 Qxe2+ $2 (32... Bxe4+ $17 33. Kf2 Re6) 33. Qf2 $11 Bxe4+ 34. Kg1 Qxf2+ 35. Rxf2 Be7 36. Rxf6 {White wants to play Re6.} Bd8 {[#]} (36... Bxb4 $11 37. Rxh6 Rf7) 37. Rxh6 (37. Rc3 $1 $16) 37... Bd5 $36 {[%mdl 2048] Black is pushing.} 38. Rg6+ Kh7 39. Rh6+ Kg8 40. Bg5 ({White should try} 40. Rc3 $11) 40... Re2 (40... Bxg5 $15 41. Rg6+ {[%mdl 64] Double Attack} Kf8 42. Rxg5 Rf7) 41. Rg6+ Kh7 42. Rh6+ Kg8 43. Bxd8 (43. Bf6 $11 Bxf6 44. Nxf6+ Kg7 45. Rh7+ Kxf6 46. Rxd7) 43... Rxd8 $17 44. Rg6+ Kh7 {[%mdl 1024] Black has strong compensation.} 45. Rg7+ Kh6 46. Rg6+ Kh7 {And now ...Rg2+ would win.} 47. Rg7+ Kh6 48. Rg6+ $1 Kh7 {Accuracy: White = 28%, Black = 30%.} (48... Kxg6 $17 49. Nf4+ Kf6 50. Nxe2 Bxa2) 1/2-1/2

[Event "Superbet Blitz GCT 2019"]
[Site "Bucharest"]
[Date "2019.11.09"]
[Round "5"]
[White "Le, Quang Liem"]
[Black "Artemiev, Vladislav"]
[Result "1-0"]
[WhiteElo "2713"]
[BlackElo "2731"]
[Annotator "TA"]
[PlyCount "119"]
[EventDate "2019.11.09"]
[EventType "tourn"]
[EventCountry "ROU"]
[SourceTitle "playchess.com"]
[Source "ChessBase"]
[SourceQuality "1"]

{[%evp 10,119,31,24,46,41,46,48,39,33,15,14,18,15,17,14,18,0,37,0,0,0,12,-11,28,-6,-7,-7,0,-4,-4,0,-2,-17,-15,-17,-17,-12,10,-19,-13,-23,-10,-23,-10,-15,0,-16,-16,-20,-27,-20,23,-31,8,8,5,-21,14,13,19,12,54,54,141,131,124,116,118,116,185,168,177,173,448,273,433,384,649,550,531,530,524,503,853,831,1113,699,832,690,1207,1207,1187,1190,1157,1134,1485,1503,1429,1329,1716,1698,3283,3465,29937,3567,7046,6648,6535,5717,29980,29980]} 1. e4 c5 2. Nf3 a6 3. c4 Nc6 4. d4 cxd4 5. Nxd4 e5 6. Nf5 d6 {B28: Sicilian: 2 Nf3 a6 (O'Kelly Variation)} 7. Nc3 g6 8. Ne3 Bh6 {White is slightly better.} 9. Ned5 $146 ({Predecessor:} 9. g3 Nf6 10. Bg2 O-O 11. O-O b5 12. f4 exf4 13. gxf4 Bb7 14. e5 dxe5 15. fxe5 {1-0 (40) Salem,A (2638)-Rapport,R (2694) Geneva 2017}) 9... Bxc1 10. Rxc1 Nge7 11. Bd3 (11. Qd2 {looks sharper.} O-O 12. h4 Nxd5 13. cxd5 Nd4 14. Ne2) 11... O-O 12. O-O Nd4 13. Ne2 Nec6 14. Nxd4 Nxd4 15. Qd2 Be6 16. Nc3 Qa5 (16... b5 $5) 17. Rfd1 (17. f4 $5 {[%cal Rf4f5]}) 17... Rfc8 18. Ne2 Nxe2+ 19. Bxe2 Qxd2 20. Rxd2 Rc6 21. Rdc2 Rac8 22. Bd3 f5 23. b3 Kf7 24. Kf1 a5 25. Ke1 f4 26. Be2 Ke7 27. Kd2 b6 28. h3 Bf7 29. Bg4 Ra8 30. h4 Rc7 31. g3 (31. a4 $11) 31... h6 32. gxf4 exf4 33. Kd3 Rc5 34. Kd4 Ra7 (34... h5 $5 {[%cal Rh5g4]} 35. Be2 Rg8 $11) 35. Rc3 Rac7 36. a4 Kf6 {[#]} (36... Be6 $14 37. Bxe6 Kxe6) 37. Rf3 $1 $16 g5 38. hxg5+ hxg5 39. Rh3 Bg6 {[#]} (39... b5 $16) 40. Rch1 $1 $18 Re7 41. f3 Rcc7 $2 (41... Re8 42. Rh6 Rg8) 42. Rh8 Rh7 (42... Re8 {was necessary.} 43. Rxe8 Bxe8 44. Rh6+ Ke7 45. Re6+ Kd7 46. Rh6+ Ke7 47. Re6+ Kd7 48. Re5+ Kd8 49. Rxg5 Rh7) 43. R1xh7 Bxh7 $2 {[%mdl 4096] Endgame KRB-KRB} (43... Rxh7 44. Rd8 Ke7 45. Rd7+ Ke8 46. Rxd6 {[%mdl 64] Double Attack} Bh5 47. Rxb6 Bxg4) 44. Rb8 Ke7 45. Rxb6 Bg8 46. Rb5 Kf6 (46... Ra7 $142 47. Rxg5 Bf7) 47. Rxa5 Rh7 48. Rf5+ Kg6 49. a5 {[%cal Ba4a5,Ba5a6][%mdl 32]} Rh1 50. Rf8 Kg7 51. Rd8 Ra1 52. Rd7+ Kf8 53. Ra7 Bf7 54. a6 Be8 55. Kd5 Rb1 56. Kxd6 Rxb3 57. Ra8 (57. Rb7 $142 Rd3+ 58. Ke5 Ra3 59. a7 Bf7 60. Rb8+ Ke7 61. a8=Q Rxa8 62. Rxa8) 57... Rb6+ 58. Kc5 Rc6+ 59. Kd5 {Intending Rxe8+! and mate.} Rb6 60. Bh5 {Accuracy: White = 59%, Black = 27%.} 1-0

[Event "Superbet Blitz GCT 2019"]
[Site "Bucharest"]
[Date "2019.11.09"]
[Round "5"]
[White "Korobov, Anton"]
[Black "So, Wesley"]
[Result "1/2-1/2"]
[WhiteElo "2670"]
[BlackElo "2760"]
[Annotator "TA"]
[PlyCount "78"]
[EventDate "2019.11.09"]
[EventType "tourn"]
[EventCountry "ROU"]
[SourceTitle "playchess.com"]
[Source "ChessBase"]
[SourceQuality "1"]

{[%evp 19,78,0,0,0,0,0,0,0,0,0,11,15,15,16,20,0,22,37,38,0,0,0,26,0,0,0,0,0,0,0,0,0,0,0,0,0,0,0,0,0,0,0,0,0,0,0,0,0,0,0,0,0,0,0,0,0,0,0,0,0,0]} 1. d4 Nf6 2. c4 e6 3. Nc3 Bb4 4. e3 O-O 5. Bd3 d5 6. Nf3 dxc4 7. Bxc4 c5 8. O-O cxd4 9. exd4 b6 10. Re1 Bb7 11. Bd3 {E54: Nimzo-Indian: Rubinstein: Main Line: 7...dxc4 8 Bxc4} Nc6 12. a3 Bxc3 13. bxc3 Rc8 14. Bg5 (14. c4 Na5 15. Ne5 Nd7 16. Qh5 g6 17. Qh3 Nxe5 18. dxe5 Nb3 19. Bxg6 fxg6 20. Qxb3 {0-1 (57) Peralta,F (2580)-Aronian,L (2767) Caleta 2019}) 14... Ne7 15. Rc1 Ng6 16. Ne5 Qd5 {[%csl Gb7][%cal Rd5g2] [#]} 17. f3 {Threatens to win with Bxf6.} Nxe5 $146 ({Predecessor:} 17... Qd6 18. Qb3 Nxe5 19. Rxe5 Nd7 {½-½ (38) Kantsler,B (2427)-Arlinsky,U (2318) Acre 2013}) 18. Rxe5 Qd6 19. Bxf6 (19. Qe1 $5 {[%cal Rg5f6]} Nd5 20. Bd2 $11) 19... gxf6 20. Rh5 Qf4 21. Qe1 f5 {The position is equal.} 22. Rh4 Qg5 23. Qg3 Qxg3 24. hxg3 Rc7 25. g4 Rfc8 26. c4 Ba6 {[%cal Ra6c4]} 27. gxf5 {aiming for d5.} Bxc4 28. Be4 Bd5 29. Rxc7 Rxc7 30. f6 Bxe4 31. fxe4 $11 {[%mdl 4096] Endgame KR-KR} Rc3 32. Rg4+ Kf8 33. Rg7 Rxa3 34. Rxh7 {[%cal Rh7h8] [#]} Kg8 35. Rg7+ Kf8 36. Kf2 Rd3 37. Rh7 {[%cal Rh7h8]} Kg8 38. Rg7+ Kf8 39. Rh7 {[%cal Rh7h8]} Kg8 {Accuracy: White = 81%, Black = 79%.} 1/2-1/2

[Event "Superbet Blitz GCT 2019"]
[Site "Bucharest"]
[Date "2019.11.09"]
[Round "6"]
[White "Caruana, Fabiano"]
[Black "Mamedyarov, Shakhriyar"]
[Result "0-1"]
[WhiteElo "2822"]
[BlackElo "2772"]
[Annotator "TA"]
[PlyCount "136"]
[EventDate "2019.11.09"]
[EventType "tourn"]
[EventCountry "ROU"]
[SourceTitle "playchess.com"]
[Source "ChessBase"]
[SourceQuality "1"]

{[%evp 12,136,14,0,0,0,16,8,17,18,44,-41,-29,-206,-110,-178,-87,-204,-229,-225,-59,-59,-22,-22,-22,-19,-19,-16,-18,-22,-29,-22,-11,-83,-88,-226,-222,-350,-344,-330,-338,-340,-321,-538,-517,-503,-319,-319,-319,-319,-312,-309,-307,-287,-287,-339,-246,-652,-649,-640,-641,-585,-569,-623,-624,-616,-552,-646,-643,-611,-611,-592,-479,-807,-800,-792,-702,-3107,-2313,-29955,-29956,-29960,-29959,-29959,-29959,-29959,-29961,-29958,-275,-29961,-29962,-29962,-29963,-29964,-29966,-29964,-29966,-29966,0,0,0,0,0,0,0,0,0,-29970,-29972,-29980,-29981,-29985,-29974,-29974,-29975,-29976,-29978,-29977,-29979,-29979,-29980,-29980,0,-29982,-29983,-29983,-29984]} 1. e4 e5 2. Nf3 Nc6 3. Bb5 a6 4. Ba4 Nf6 5. d3 b5 6. Bb3 Bc5 7. c3 O-O {C77: Ruy Lopez: 3...a6 4 Ba4 Nf6, unusual lines} (7... d6 8. Bg5 h6 9. Bh4 g5 10. Bg3 Bb6 11. Nbd2 Na5 12. Bc2 Nh5 13. a4 Rb8 14. b4 Nxg3 15. hxg3 Nc6 {1-0 (52) Carlsen,M (2875)-Ding,L (2805) Stavanger 2019}) 8. Nbd2 d5 9. exd5 Nxd5 {The position is equal.} 10. Ne4 Bb6 11. Nfg5 $146 (11. O-O $14) ({Predecessor:} 11. O-O h6 12. Bxh6 Nxc3 13. bxc3 gxh6 14. Qd2 Kg7 15. a4 {1-0 (34) Tofte,S (2009)-Jacobsen,M (1661) Oslo 2007}) 11... h6 $15 12. h4 $2 (12. Nf3 $11 {and White is okay.}) 12... Nce7 (12... hxg5 $2 13. hxg5 Re8 14. Bxd5 $18) (12... Na5 $1 $19 {[%cal Ra5b3]} 13. Nf3 Nxb3 14. axb3 Bg4) 13. Qf3 (13. a4 $17) 13... c6 (13... f5 $19 14. Ng3 Qd6) 14. Bd2 (14. c4 $17) 14... f5 $19 15. Ng3 Qe8 $2 (15... hxg5 16. hxg5 g6 17. c4 $15) (15... a5 $19 16. Nh3 a4 17. Bxd5+ Nxd5) 16. c4 $15 e4 17. Qh5 $1 exd3 {Strongly threatening ...bxc4.} 18. cxd5 Nxd5+ 19. Kf1 Qxh5 20. Nxh5 {Hoping for Rc1.} hxg5 21. hxg5 Be6 $36 {[%mdl 2048] Black fights for an advantage.} 22. g6 (22. Rh3 $11 {keeps the balance.}) 22... f4 $17 23. Rh4 (23. f3 $17) 23... Rae8 $1 $19 24. Re1 {[#]} (24. Kg1 {might work better.}) 24... Ne3+ $1 {[%mdl 512]} 25. Kg1 {White wants to play Bxe6+.} (25. fxe3 fxe3+) 25... Bxb3 26. axb3 Nd5 {aiming for ...Rxe1+.} 27. Rxe8 $2 (27. Kf1 Rxe1+ 28. Kxe1) 27... Rxe8 28. Rh3 Bxf2+ {[%mdl 64] Decoy} 29. Kxf2 Re2+ {[%mdl 64] Double Attack} 30. Kf3 Rxd2 31. Nxf4 Nxf4 ({Don't take} 31... Rxb2 32. Nxd5 cxd5 33. Rh5 $19) 32. Kxf4 Rxg2 {[%mdl 4096] Endgame KR-KR} 33. Kf5 Rf2+ ({Not} 33... Rxb2 34. Rxd3 Rf2+ 35. Kg5 $15) 34. Kg5 $2 (34. Ke6) 34... d2 35. Rd3 Kf8 36. Kg4 Ke7 37. Kg3 {[#]} d1=Q $1 38. Rxd1 Rxb2 39. Rd3 Kf6 40. Kf4 {intending Rd6+.} Kxg6 41. Rd6+ Kh7 42. Rxc6 (42. Rd3 $142 b4 43. Rg3) 42... Rxb3 43. Rxa6 Rb1 44. Rb6 b4 {[%cal Bb5b4,Bb4b3][%mdl 32]} 45. Kg3 b3 46. Kf3 g6 47. Rb7+ Kh6 48. Rb5 g5 49. Rb6+ Kh5 $2 (49... Kg7 50. Kg2 b2 51. Kh2 Kf8 52. Rb7 Ke8 53. Kg2 Kd8 54. Rb6 Kc7 55. Rb4 Kc6 56. Rb3 Kd5 57. Rb4 Kc5 58. Rb8 Kc4 59. Rc8+ Kd5 60. Rb8 Ke4 61. Kh2 Kf3 62. Rf8+ Ke4 63. Rb8 Kd3 64. Kg2 Kc3 65. Rc8+ Kb4 66. Rb8+ Kc3 67. Rc8+ Kd3 68. Rb8 Kc3) 50. Rb4 $2 (50. Kg3 $19) 50... Kg6 51. Rb5 Kf6 52. Kf2 Ke6 53. Kg2 Kd6 54. Rxg5 Rc1 $2 (54... Kc6 55. Rg8 Kc5 56. Rb8 Kc4 57. Kf2 Ra1 58. Ke3 Kc3 59. Rc8+ Kb2 60. Kd2 Ka2 61. Ra8+ Kb1 62. Rh8 b2 63. Rh6 Ra4 64. Rb6 Ka1 65. Rb3 b1=Q 66. Rxb1+ Kxb1 67. Kc3 Ka2 68. Kc2 Ra3 69. Kc1 Rc3+ 70. Kd1 Kb1 71. Kd2 Kb2 72. Ke2 Kc1 73. Kf1 Kd2 74. Kf2 Kd1 75. Kf1 Rc2 76. Kg1 Ke1 77. Kh1 Kf2 78. Kh2 Rc3 79. Kh1 Rh3#) 55. Rb5 $11 Rc3 {...Kc6 is the strong threat.} 56. Kf2 Kc6 57. Rb8 Kc5 58. Ke2 Kc4 {Threatens to win with ...Rc2+.} 59. Rc8+ $2 {[%mdl 8192] [#]} (59. Kd2 $11) 59... Kb4 $1 60. Ra8 b2 61. Kd2 Rc5 62. Rb8+ Ka3 63. Ra8+ Kb3 64. Rb8+ Ka2 65. Ra8+ Kb1 66. Rb8 Rd5+ $2 (66... Ra5 {mates} 67. Kc3 Ra3+ 68. Kd2 Ka1 69. Kc2 Ra2 70. Kc3 b1=Q 71. Rxb1+ Kxb1 72. Kd4 Kc2 73. Kc4 Ra1 74. Kd5 Kd3 75. Ke6 Kd4 76. Kf6 Kd5 77. Kf5 Rf1+ 78. Kg5 Ke4 79. Kg6 Ke5 80. Kg5 Rg1+ 81. Kh4 Kf5 82. Kh3 Kf4 83. Kh2 Rg3 84. Kh1 Kf3 85. Kh2 Kf2 86. Kh1 Rh3#) 67. Ke2 $2 {[%mdl 8192]} (67. Kc3 $11) 67... Kc2 68. Rc8+ {[#]} Kb3 $1 {Accuracy: White = 28%, Black = 60%.} 0-1

[Event "Superbet Blitz GCT 2019"]
[Site "Bucharest"]
[Date "2019.11.09"]
[Round "6"]
[White "Giri, Anish"]
[Black "Korobov, Anton"]
[Result "1/2-1/2"]
[WhiteElo "2776"]
[BlackElo "2670"]
[Annotator "TA"]
[PlyCount "80"]
[EventDate "2019.11.09"]
[EventType "tourn"]
[EventCountry "ROU"]
[SourceTitle "playchess.com"]
[Source "ChessBase"]
[SourceQuality "1"]

{[%evp 18,80,42,42,66,55,57,47,51,34,29,36,56,59,56,56,58,61,47,60,45,29,24,0,0,0,0,0,5,4,0,0,7,7,7,0,0,0,0,0,0,0,7,0,0,0,0,0,0,0,0,0,0,0,0,0,0,0,0,0,0,0,0,0,32]} 1. e4 c5 2. Nf3 e6 3. d4 cxd4 4. Nxd4 Nc6 5. Nc3 Qc7 6. g3 a6 7. Bg2 Nf6 8. O-O d6 9. Nxc6 bxc6 10. Na4 Rb8 {B80: Sicilian Scheveningen: 6 g3 and 6 Be3, including English Attack} 11. c4 c5 12. f4 (12. b3 Be7 13. Bb2 O-O 14. Qe1 Nd7 15. Rd1 Bb7 16. Qc3 Bf6 17. Qd2 Be7 18. Qc3 {1-0 (40) Carlsen,M (2835)-Rapport,R (2731) Wijk aan Zee 2019}) 12... Be7 {White is slightly better.} 13. Qe2 Nd7 14. b3 Bb7 15. Bb2 O-O {[#]} 16. Rad1 $146 ({Predecessor:} 16. Rae1 Bc6 17. Bc3 Rfe8 18. Nb2 {½-½ (31) Triapishko,A (2509)-Mchedlishvili,M (2608) Ankara 2018}) 16... Bc6 17. Nc3 Bf6 18. e5 {[#] Hoping for Bxc6.} Bxg2 19. Qxg2 dxe5 20. Ne4 Be7 {The position is equal.} 21. Qd2 Rbd8 22. fxe5 Nxe5 23. Qf4 Rxd1 24. Rxd1 f6 25. Bxe5 fxe5 26. Qg4 Qc6 27. Rd3 a5 28. a4 Rf5 29. Qe2 h5 30. Rd1 h4 31. Re1 h3 32. Qg4 Qd7 33. Rd1 Qb7 34. Rd3 Qb4 {[%cal Rb4e1] [#]} 35. Qd1 Qb7 36. Qe2 Bf8 37. Rf3 Qf7 38. Rd3 Qb7 39. Rf3 Qf7 40. Rd3 Qb7 {Accuracy: White = 67%, Black = 71%.} 1/2-1/2